000 00361nam a2200145Ia 4500
008 240624s9999 xx 000 0 und d
041 _aeng
082 _a658.15 GUR
100 _aGURUSAMY S
245 _aFINANCIAL SERVICES
250 _a(2nd ed.)
260 _c2010
_aNew Delhi
_bTata McGraw- Hill
300 _aviii, : 590 : p. : cm. ; 24
365 _cRS
_b30
999 _c17897
_d17897